| 000 | 00616cam a22002173a 4500 | ||
|---|---|---|---|
| 001 | 34985 | ||
| 003 | PGUSA | ||
| 005 | 20140828083744.0 | ||
| 008 | 110116s2011||||xxu|||||s|||||000 | eng d | ||
| 040 |
_aPGUSA _beng |
||
| 042 | _adc | ||
| 100 | 1 | _aYerta, Gabrielle | |
| 245 | 1 | 0 |
_aSix Women and the Invasion _h[electronic resource] / _cGabrielle Yerta |
| 260 |
_bProject Gutenberg, _c2011 |
||
| 506 | _aPublic domain in the USA. | ||
| 516 | _aElectronic text | ||
| 700 | 1 |
_aWard, Humphry, _cMrs, _d1851-1920 |
|
| 830 | 0 |
_aProject Gutenberg _v34985 |
|
| 856 | 4 | 0 | _uhttp://www.gutenberg.org/ebooks/34985 |
| 942 | _cEB | ||
| 999 |
_c264240 _d264240 |
||